000
00333 a2200169 4500
001
190069
020
_a
978-85-377-0151-5
040
_c
Magnum
100
_a
Brandão, Toni
240
1
0
_a
Pará
_l
por
245
1
0
_a
Pará
300
_a
61
362
0
_a
2007
440
1
_a
Escala Educacional
697
_a
GEOGRAFIA
942
_c
BK
999
_c
190069
_d
190069